Ley de ajuste tributario y lista de mercancias exentas de impuesto general sobre las ventas (Registro nro. 15)
[ vista simple ]
| 000 -Cabecera | |
|---|---|
| Campo de control de longitud fija | 00694aam a2200253 4500 |
| 005 - Fecha y hora de la última transacción | |
| Campo de control | 20231124123306.0 |
| 008 - Elementos de longitud fija--Información general | |
| Campo de control de longitud fija | 150227b1996 xxu||||| |||| 00| 0 eng d |
| 020 ## - International Standard Book Number | |
| Número Internacional Estándar del Libro (ISBN) | 9977945608 |
| 041 ## - Idioma | |
| Código de idioma | Español |
| 082 ## - Clasificación Decimal Dewey | |
| Número de clasificación | 336.2 C8374L |
| 100 ## - Entrada principal--Autor personal | |
| Nombre personal | Costa Rica. Leyes, decretos, etc |
| 245 ## - Título propiamente dicho | |
| Título | Ley de ajuste tributario y lista de mercancias exentas de impuesto general sobre las ventas |
| 260 ## - Pie de imprenta | |
| Lugar de publicación, distribución, etc. | Costa Rica |
| 260 ## - Pie de imprenta | |
| Nombre del editor, distribuidor, etc. | Editec Editores |
| 260 ## - Pie de imprenta | |
| Fecha de publicación, distribución, etc. | 1996 |
| 300 ## - Descripción física | |
| Extensión | 40 páginas |
| 650 ## - Materia general | |
| Temática (materia general) | COSTA RICA |
| 650 ## - Materia general | |
| Temática (materia general) | IMPUESTOS |
| 650 ## - Materia general | |
| Temática (materia general) | LEGISLACIÓN |
| 650 ## - Materia general | |
| Temática (materia general) | DERECHO FISCAL |
| 650 ## - Materia general | |
| Temática (materia general) | IMPUESTOS SOBRE LA RENTA |
| 650 ## - Materia general | |
| Temática (materia general) | IMPUESTOS SOBRE LAS VENTAS |
| 942 ## - Punto de acceso adicional KOHA | |
| Tipo de ítem KOHA | Libro |
| Fuente del sistema de clasificación o colocación | Dewey Decimal Classification |
| Signatura completa | Código de barras | Tipo de ítem |
|---|---|---|
| 336.2 C8374L | 2753 | Libro |
| 336.2 C8374L | 3829 | Libro |
| 336.2 C8374L | 8580 | Libro |